000 00768nam a2200229 i 4500
001 146212
003 ES-MaACL
005 20250828100942.0
007 t|
008 070905s1984 sp ||||1| spa d
020 _a84-362-1560-5
080 _a342(460)(075.8)
100 1 _aTorres del Moral, Antonio.
_9110943
245 1 0 _aDerecho político II /
_cpor Antonio Torres del Moral.
250 _a2ª ed.
260 _aMadrid :
_bUniversidad Nacional de Educación a Distancia, Facultad de Derecho,
_c1984.
300 _a2 v. ;
_c24 cm.
650 4 _aDerecho político-
_zEspaña
_911758
710 2 _aUniversidad Nacional de Educación a Distancia (España).
_bFacultad de Derecho
_97420
852 4 _aES-MaACL
_jL-7606-07
999 _c146212
_d146212